<?xml version="1.0" encoding="UTF-8"?>
<collection xmlns="http://www.loc.gov/MARC21/slim">
    <record>
        <controlfield tag="001">87565</controlfield>
        <controlfield tag="005">20200204093113.0</controlfield>
        <datafield tag="024" ind1="7" ind2=" ">
            <subfield code="2">doi</subfield>
            <subfield code="a">10.22370/ieya.2017.3.2.781</subfield>
        </datafield>
        <datafield tag="024" ind1="8" ind2=" ">
            <subfield code="2">sideral</subfield>
            <subfield code="a">115347</subfield>
        </datafield>
        <datafield tag="037" ind1=" " ind2=" ">
            <subfield code="a">ART-2017-115347</subfield>
        </datafield>
        <datafield tag="041" ind1=" " ind2=" ">
            <subfield code="a">spa</subfield>
        </datafield>
        <datafield tag="100" ind1=" " ind2=" ">
            <subfield code="0">(orcid)0000-0003-2206-2299</subfield>
            <subfield code="a">Vázquez Toledo, Sandra</subfield>
            <subfield code="u">Universidad de Zaragoza</subfield>
        </datafield>
        <datafield tag="245" ind1=" " ind2=" ">
            <subfield code="a">La evaluación en el aprendizaje cooperativo: el peso del trabajo individual dentro del trabajo en equipo</subfield>
        </datafield>
        <datafield tag="260" ind1=" " ind2=" ">
            <subfield code="c">2017</subfield>
        </datafield>
        <datafield tag="506" ind1="0" ind2=" ">
            <subfield code="a">Access copy available to the general public</subfield>
            <subfield code="f">Unrestricted</subfield>
        </datafield>
        <datafield tag="520" ind1="3" ind2=" ">
            <subfield code="a">Si bien los procedimientos de aprendizaje cooperativo suponen estrategias cada vez más ampliamente utilizadas dentro de las aulas, surge la necesidad de ofrecer a los estudiantes de etapas educativas superiores correspondientes al ámbito universitario, la posibilidad de utilizar sistemas de calificación individual. Todo ello, con la finalidad de posibilitarles una diferenciación de sus aportaciones al grupo de aprendizaje cooperativo en cuanto a esfuerzo e implicación personal. En estetrabajo, se estudian y analizan los resultados obtenidos en un estudio planteado para tal fin, utilizando una metodología mixta que combina la utilización de instrumentos de recogida de datos cuantitativos (cuestionario) y cualitativos (grupos de discusión). Los resultados obtenidos evidencian considerables mejoras en la muestra de estudiantes universitarios participantes en el estudio en lo que respecta al apoyo mutuo manifestado en términos de aprendizaje entre iguales y refuerzo recíproco, además de una satisfacción general con este procedimiento de calificación individual dentro de los equipos de aprendizaje cooperativo, llevado a cabo mediante una coevaluación entre compañeros.</subfield>
        </datafield>
        <datafield tag="540" ind1=" " ind2=" ">
            <subfield code="9">info:eu-repo/semantics/openAccess</subfield>
            <subfield code="a">by</subfield>
            <subfield code="u">http://creativecommons.org/licenses/by/3.0/es/</subfield>
        </datafield>
        <datafield tag="655" ind1=" " ind2="4">
            <subfield code="a">info:eu-repo/semantics/article</subfield>
            <subfield code="v">info:eu-repo/semantics/publishedVersion</subfield>
        </datafield>
        <datafield tag="700" ind1=" " ind2=" ">
            <subfield code="0">(orcid)0000-0002-6083-8759</subfield>
            <subfield code="a">Latorre Cosculluela, Cecilia</subfield>
            <subfield code="u">Universidad de Zaragoza</subfield>
        </datafield>
        <datafield tag="700" ind1=" " ind2=" ">
            <subfield code="0">(orcid)0000-0002-9685-8399</subfield>
            <subfield code="a">Liesa Orús, Marta</subfield>
            <subfield code="u">Universidad de Zaragoza</subfield>
        </datafield>
        <datafield tag="710" ind1="2" ind2=" ">
            <subfield code="1">4001</subfield>
            <subfield code="2">215</subfield>
            <subfield code="a">Universidad de Zaragoza</subfield>
            <subfield code="b">Dpto. Ciencias de la Educación</subfield>
            <subfield code="c">Área Didáctica y Organiz. Esc.</subfield>
        </datafield>
        <datafield tag="773" ind1=" " ind2=" ">
            <subfield code="g">3, 2 (2017), 567-571</subfield>
            <subfield code="p">Rev. infanc., educ. aprendiz.</subfield>
            <subfield code="t">Revista infancia, educación y aprendizaje</subfield>
            <subfield code="x">0719-6202</subfield>
        </datafield>
        <datafield tag="856" ind1="4" ind2=" ">
            <subfield code="s">49266</subfield>
            <subfield code="u">http://zaguan.unizar.es/record/87565/files/texto_completo.pdf</subfield>
            <subfield code="y">Versión publicada</subfield>
        </datafield>
        <datafield tag="856" ind1="4" ind2=" ">
            <subfield code="s">75830</subfield>
            <subfield code="u">http://zaguan.unizar.es/record/87565/files/texto_completo.jpg?subformat=icon</subfield>
            <subfield code="x">icon</subfield>
            <subfield code="y">Versión publicada</subfield>
        </datafield>
        <datafield tag="909" ind1="C" ind2="O">
            <subfield code="o">oai:zaguan.unizar.es:87565</subfield>
            <subfield code="p">articulos</subfield>
            <subfield code="p">driver</subfield>
        </datafield>
        <datafield tag="951" ind1=" " ind2=" ">
            <subfield code="a">2020-02-04-09:02:59</subfield>
        </datafield>
        <datafield tag="980" ind1=" " ind2=" ">
            <subfield code="a">ARTICLE</subfield>
        </datafield>
    </record>

    
</collection>